| 000 | 01641 am a2200457 a 4500 | ||
|---|---|---|---|
| 005 | 20240605120548.0 | ||
| 008 | 100810s2003||||ag a f |||| 001 0 spa d | ||
| 020 | _a9500618699 | ||
| 041 | _aspa | ||
| 092 |
_c616.079 _l75 _sROI |
||
| 100 | 1 |
_aRoitt, Iván M. _9824 |
|
| 245 |
_aInmunología. _bFundamentos / _cIván M. Roitt |
||
| 250 |
_a10a ed. _bTraducción Stella Maris Gil ; Diana Klajn ; Karen Mikkelsen y Silvia Rondinone. |
||
| 260 |
_aBuenos Aires: _bEditorial Médica Panamericana; _c2003. |
||
| 300 |
_a559 p. _bil. |
||
| 500 | _aRoitt, I. M. y Delves, P. J. (2003). Inmunología. Fundamentos. (10a ed.). Buenos Aires : Editorial Médica Panamericana. | ||
| 653 | _aInmunidad innata | ||
| 653 | _aInmunidad adquirida específica | ||
| 653 | _aAnticuerpos | ||
| 653 | _aReceptores de membrana para el antígeno | ||
| 653 | _aInteracción primaria con el antígeno | ||
| 653 | _aTécnicas inmunoquímicas | ||
| 653 | _aTécnicas celulares | ||
| 653 | _aAnatomía de la respuesta inmune | ||
| 653 | _aActivación de los linfocitos | ||
| 653 | _aProducción de efectores | ||
| 653 | _aMecanismos de control | ||
| 653 | _aOntogenia y filogenia | ||
| 653 | _aEstrategías de los adversarios durante la infección | ||
| 653 | _aProfilaxis | ||
| 653 | _aInmunodeficiencia | ||
| 653 | _aHipersensibilidad | ||
| 653 | _aTrasplante | ||
| 653 | _aInmunología tumoral | ||
| 653 | _aEnfermedades autoinmunes. Alcance y etiología | ||
| 653 | _aEnfermedades autoinmunes. Patogenia, diagnóstico y tratamiento | ||
| 700 | 1 |
_aDelves, Peter J. _9825 |
|
| 930 | _a920 | ||
| 930 | _a1007 | ||
| 942 |
_2ddc _cBK |
||
| 999 |
_c597 _d597 |
||